000 01284nam a2200349 c 4500
003 BLK
005 20180420235749.0
008 180411b bul|||||r ||||||| ||bul||
010 _aKNG00185891000
040 _aBLK
041 _aBUL
_cBUL
072 7 _2bullib
_aН33
_xИкономика Н
080 _aПроизводителност
_b338.312
_x(497.2)
_z338.312(497.2)
139 _aПроизводителността в България
_bП 91
245 1 0 _aПроизводителността в България
_bУроци от миналото, възможности за бъдещето, май 2015
257 _aUSA
260 София
_bThe World Bank
_c2015
300 _a130 с.
_bс табл., диагр.
_c28 см
380 _a3
500 _aБиблиогр. с. 121-130.
650 4 _aБългария - стопанство
_9260672
650 4 _aПроизводителност на труда
_9275895
651 4 _aБългария
_9241624
653 _aпроизводителност
653 _aстопанство
659 _aН
852 _aЦб ІІ 21150
856 4 _qpdf
_u
856 4 _qpdf
_u
942 _cKNG
_n0
944 _aCR
_c15.01.2016
_lф /
_kВиолета_Тройчева
944 _aED
_c15.04.2016
_lф /
_kЛюдмила_Стоянова
999 _c177235
_d177235